Propiedades mecánicas del acero de los tubos estructurales laminados en frío con sección cuadrada y rectangular fabricados en Costa Rica
Zapisane w:
| 1. autor: | |
|---|---|
| Format: | Książka |
| Język: | Spanish |
| Wydane: |
[San José], Costa Rica
2013
|
| Hasła przedmiotowe: | |
| Etykiety: |
Dodaj etykietę
Nie ma etykietki, Dołącz pierwszą etykiete!
|
MARC
| LEADER | 00000nam a22000007a 4500 | ||
|---|---|---|---|
| 003 | 011776 | ||
| 005 | 20221231143912.0 | ||
| 008 | 150903b2013 cr a|||| |||| 00| 0 spa d | ||
| 040 | |c cru CEDI | ||
| 090 | |a TFG 6945 | ||
| 100 | |a Gómez Godínez, Carlos Andrés |9 1090 | ||
| 245 | |a Propiedades mecánicas del acero de los tubos estructurales laminados en frío con sección cuadrada y rectangular fabricados en Costa Rica | ||
| 260 | |a [San José], Costa Rica |c 2013 | ||
| 500 | |a Proyecto de graduación (licenciatura en ingeniería civil)--Universidad de Costa Rica. Facultad de Ingeniería. Escuela de Ingeniería Civil | ||
| 648 | |x ACERO - PROPIEDADES MECANICAS |x LAMINAS DE HIERRO Y ACERO |x LAMINAS DE HIERRO Y ACERO |x ESFUERZO Y TENSION - PRUEBAS |9 1091 | ||
| 942 | |c TFG | ||
| 999 | |c 13969 |d 13969 | ||
